| 000 | 00612nam a22002177a 4500 | ||
|---|---|---|---|
| 001 | 00028604 | ||
| 005 | 20260319155842.0 | ||
| 008 | 260319b ag ||||| |||| 00| 0 spa d | ||
| 020 | _a9789871405596 | ||
| 040 |
_aAR-CcCEOS _bspa _cAR-CcCEOS |
||
| 041 | _aspa | ||
| 080 | _a860-3(82) | ||
| 090 | _bSVE | ||
| 100 | 1 |
_aSvensson, Lena _914 |
|
| 245 |
_aEl ángel y el infierno : _bel tercer caso de greta lindberg / _cLena Svensson |
||
| 250 | _a1a ed. | ||
| 260 |
_aBuenos Aires : _bVestales, _c2013. |
||
| 300 |
_a384 p. ; _c24x15 cm. |
||
| 655 | 0 |
_aliteratura argentina _928 _vnovela |
|
| 942 |
_2udc _cBK _n0 |
||
| 999 |
_c28634 _d28634 |
||